| 000 | 00618nam a2200169 a 4500 | ||
|---|---|---|---|
| 008 | 120416s1999 ||||||||||||||||| || u | ||
| 020 | _a0070381836 | ||
| 050 | _aTD 145 Han | ||
| 100 | _aLin, Dar Shun | ||
| 245 | 1 | 0 |
_aHandbook of environmental engineering calculations _c[edited by] C. C. Lee and Shun Dar Lin |
| 260 |
_aNew York _bMcGraw-Hill _c1999 |
||
| 300 | _aix, : ill. | ||
| 350 | _a0.00 | ||
| 650 | _aENVIRONMENTAL ENGINEERING--HANDBOOKS, MANUALS, ETC | ||
| 700 | _aLee, C. C | ||
| 995 |
_D0.00 _FCBU-MAIN LIBRARY (Kitwe) _H1 _I40.00 _UAVAILABLE _ZReference Collection |
||
| 999 |
_c45267 _d45267 |
||